000 00568nam a2200217Ia 4500
003 OSt
005 20220928144912.0
006 a|||||r|||| 00| 0
007 ta
008 220927b |||||||| |||| 00| 0 eng d
024 _a76814
037 _cTextual
040 _aSDCL
_cSDCL
_beng
041 _2eng
_aeng
082 _aV6,94'N7, L6
100 _aDecalo Samuel
_9510272
245 0 _aCoups and army rule in Africa
_b Studies in military style.
260 _c1976
942 _hV6,94'N7, L6
_cTEXL
_2CC
999 _c830332
_d830332